000 00685nab a2200181 4500
999 _c372280
_d372280
001 90031
003 OSt
005 20230310104944.0
007 tu
008 110905s2000|||||||
040 _aDE-2950
_cDE-2950
245 0 0 _aPlädoyer für den Schutz des Trinkwassers.
_bCottbuser Ostsee: Frankfurt und Leag haben ihren Streit um Sulfat in der Spree zwar außergerichtlich beigelegt. Trotzdem konnte die Generalanwältin am EuGH noch ihre Position vorlegen. Sie ist eindeutig /
_cThomas Gutke
264 _c2023
653 _aFrankfurt (Oder)
653 _aWasserversorgung
773 0 _g34. Jahrgang (2023) Nr. 54, 04./05.03.2023, S. 18: Foto
_tMärkische Oderzeitung
942 _2z
_cA